|
|
|
|
| LEADER |
01215nam a2200313Ia 4500 |
| 001 |
EBC459854 |
| 003 |
MiAaPQ |
| 005 |
20200520144314.0 |
| 006 |
m o d | |
| 007 |
cr cn||||||||| |
| 008 |
080331s2008 dcua sb 000 0 eng d |
| 020 |
|
|
|z 9780821377147
|
| 035 |
|
|
|a (MiAaPQ)EBC459854
|
| 035 |
|
|
|a (Au-PeEL)EBL459854
|
| 035 |
|
|
|a (CaPaEBR)ebr10257221
|
| 035 |
|
|
|a (CaONFJC)MIL180549
|
| 035 |
|
|
|a (OCoLC)297562639
|
| 040 |
|
|
|a MiAaPQ
|c MiAaPQ
|d MiAaPQ
|
| 050 |
|
4 |
|a HG3881.5.W57
|b A66 2008
|
| 245 |
0 |
0 |
|a Annual review of development effectiveness.
|n 2008,
|p Shared global challenges
|h [electronic resource].
|
| 260 |
|
|
|a Washington, D.C. :
|b World Bank,
|c 2008.
|
| 300 |
|
|
|a xxx, 126 p. :
|b ill.
|
| 504 |
|
|
|a Includes bibliographical references.
|
| 533 |
|
|
|a Electronic reproduction. Ann Arbor, MI : ProQuest, 2015. Available via World Wide Web. Access may be limited to ProQuest affiliated libraries.
|
| 650 |
|
0 |
|a Economic development projects
|x Finance
|x Evaluation.
|
| 650 |
|
0 |
|a Loans, Foreign
|z Developing countries
|v Statistics.
|
| 655 |
|
4 |
|a Electronic books.
|
| 710 |
2 |
|
|a ProQuest (Firm)
|
| 856 |
4 |
0 |
|u https://ebookcentral.proquest.com/lib/matrademy/detail.action?docID=459854
|z Click to View
|